|
|
|
|
| LEADER |
00695cam a2200193 7i4500 |
| 001 |
0000031681 |
| 005 |
20150507090000.0 |
| 020 |
0 |
0 |
|a 9789264203990
|
| 090 |
0 |
0 |
|a ASIA 338.959
|b ECO
|
| 245 |
0 |
0 |
|a Economic outlook for Southeast Asia, China and India 2014 :
|b beyond the middle-income trap.
|
| 260 |
0 |
0 |
|a Paris:
|b OECD Publishing,
|c 2013.
|
| 300 |
# |
# |
|a 357 pages.
|
| 651 |
0 |
0 |
|a China --
|x Economic policy
|
| 651 |
0 |
0 |
|a India --
|x Economic conditions
|
| 651 |
0 |
0 |
|a China --
|x Economic conditions
|
| 651 |
0 |
0 |
|a Southeast Asia --
|x Economic conditions
|
| 651 |
0 |
0 |
|a India --
|x Economic policy
|
| 651 |
0 |
0 |
|a Southeast Asia --
|x Economic policy
|
| 999 |
|
|
|a B000035124
|b Book
|c Regions
|e Business Information Centre
|